Taras Bulba /
Enregistré dans:
| Auteur principal: | |
|---|---|
| Autres auteurs: | |
| Format: | Électronique eBook |
| Langue: | espagnol russe |
| Publié: |
Tres Cantos, Madrid, España :
Akal,
[2006]
|
| Collection: | Akal bolsillo. Serie Clásicos de la literatura eslava ;
132. |
| Sujets: | |
| Accès en ligne: | Digitalia Hispánica |
| Tags: |
Ajouter un tag
Pas de tags, Soyez le premier à ajouter un tag!
|
MARC
| LEADER | 00000nam a2200000 i 4500 | ||
|---|---|---|---|
| 001 | DIGAKAL0503 | ||
| 003 | NyNyDIG | ||
| 007 | cr ||||||||||| | ||
| 008 | 220606s2006 sp o 000 0 spa d | ||
| 006 | m o d | ||
| 035 | |a (OCoLC)1032717198 | ||
| 040 | |a DGITA |b eng |e rda |e pn |c DGITA | ||
| 020 | |a 9788446045922 |q eBook | ||
| 020 | |z 9788446023708 | ||
| 041 | 1 | |a spa |h rus | |
| 050 | 1 | 4 | |a PG3333 ebook |
| 082 | 1 | 4 | |a 891.733 |
| 100 | 1 | |a Gogolʹ, Nikolaĭ Vasilʹevich, |d 1809-1852, |e author. | |
| 240 | 1 | 0 | |a Taras Bulʹba. |l Spanish |s (Arias Rubio) |
| 245 | 1 | 0 | |a Taras Bulba / |c Nikolái V. Gogol ; traducción de Gala Arias Rubio. |
| 264 | 1 | |a Tres Cantos, Madrid, España : |b Akal, |c [2006] | |
| 300 | |a 1 online resource. | ||
| 336 | |a text |b txt |2 rdacontent | ||
| 337 | |a computer |b c |2 rdamedia | ||
| 338 | |a online resource |b cr |2 rdacarrier | ||
| 347 | |a text file |2 rdaft | ||
| 347 | |b EPUB | ||
| 490 | 1 | |a Akal básica de bolsillo ; |v 132. |a Serie Clásicos de la literatura eslava | |
| 588 | 0 | |a Online resource; title from ePub title page (Digitalia, viewed June 6, 2022) | |
| 655 | 7 | |a Fiction. |2 lcgft | |
| 655 | 0 | |a Electronic books. | |
| 700 | 1 | |a Arias Rubio, Gala, |e translator. | |
| 700 | 1 | |i Translation of: |a Gogolʹ, Nikolaĭ Vasilʹevich, |d 1809-1852. |t Taras Bulʹba. | |
| 791 | 2 | |a Digitalia (Firm), |e distributor. | |
| 793 | 0 | |g Digitalia eBook Collection: |a Akal | |
| 776 | 0 | 8 | |i Print version: |a Gogolʹ, Nikolaĭ Vasilʹevich, 1809-1852. |s Taras Bulʹba. Spanish (Arias Rubio). |t Taras Bulba. |d Tres Cantos, Madrid, España : Akal, [2006] |z 9788446023708 |
| 830 | 0 | |a Akal bolsillo. |p Serie Clásicos de la literatura eslava ; |v 132. | |
| 856 | 4 | 0 | |3 Digitalia Hispánica |u https://digitalia.unach.elogim.com/a/52405/ |
| 910 | |a Premium collection: 2022 | ||